000 01311nam a2200229Ia 4500
008 220216s9999 xx 000 0 und d
100 _aChaudhuri D
245 0 _aEstimation of biomass in Hevea clones by regression method: Relation between girth and biomass
260 _bIndian Journal of Natural Rubber Research
_c1995
300 _a113-116
520 _aThe relationship between girth and the above ground biomass was studied in two clones, with varied growth habits, of Hevea brasiliensis. The clones chosen were RRIM 600 and RRII 118. A set of relationships were developed using the biomass as a power function of girth for different age groups from first year after planting upto fifth year. The regression equations were found non-significant for individual clones as well as for years from second year onwards. A general equation was thus developed and is given as biomass in g(W)=2.278479 X2.2683(where, X is the girth at 15 cm height from bud union). The relation is found to be good fit from 16 cm or more girth, and is location specific.
650 _aBiomass
650 _aGirth
650 _aHevea brasiliensis
650 _aRegression model
700 _aPothen J
700 _aPotty S N
700 _aReddy Y A N
700 _aSethuraj M R
700 _aVinod K K
942 _cJS
999 _c58820
_d58820